Statistics for 20 Of The World's Richest Countries

Click here to take the quiz!

General Stats

  • This quiz has been taken 1,230 times
  • The average score is 13 of 20

Answer Stats

Per-Capita IncomeAnswer% Correct
$40,559Canada
85%
$48,328United States
85%
$38,077Germany
83%
$53,396Norway
81%
$40,709Sweden
80%
$44,452Switzerland
76%
$40,847Australia
74%
$98,948Qatar
71%
$80,559Luxembourg
68%
$59,710Singapore
65%
$42,023Netherlands
64%
$47,729United Arab Emirates
64%
$41,556Austria
63%
$37,781Belgium
63%
$38,060Iceland
59%
$40,838Ireland
59%
$41,701Kuwait
56%
$43,090San Marino
42%
$49,536Brunei
40%
$37,716Taiwan
40%

Score Distribution

Percentile by Number Answered

Percent of People with Each Score

Your Score History

You have not taken this quiz